Complex variables with applications (Record no. 7684)

000 -LEADER
fixed length control field 00501 a2200193 4500
020 ## - INTERNATIONAL STANDARD BOOK NUMBER
International Standard Book Number 0201845571
020 ## - INTERNATIONAL STANDARD BOOK NUMBER
International Standard Book Number 0201845571
040 ## - CATALOGING SOURCE
Original cataloging agency DLC
Language of cataloging DLC
082 ## - DEWEY DECIMAL CLASSIFICATION NUMBER
Classification number 515.9
082 ## - DEWEY DECIMAL CLASSIFICATION NUMBER
Classification number 515.9
082 ## - DEWEY DECIMAL CLASSIFICATION NUMBER
Classification number 515.9
100 1# - MAIN ENTRY--PERSONAL NAME
Personal name Wunsch, A. David
245 00 - TITLE STATEMENT
Title Complex variables with applications
Statement of responsibility, etc. A. David Wunsch
250 ## - EDITION STATEMENT
Edition statement 2. ed.
260 ## - PUBLICATION, DISTRIBUTION, ETC.
Place of publication, distribution, etc. Reading, Mass. :
Name of publisher, distributor, etc. Addison-Wesley,
Date of publication, distribution, etc. cop. 1994
300 ## - PHYSICAL DESCRIPTION
Extent xi, 622 s. :
Other physical details ill.
650 #0 - SUBJECT ADDED ENTRY--TOPICAL TERM
Topical term or geographic name entry element Functions of complex variables
942 ## - ADDED ENTRY ELEMENTS (KOHA)
Koha item type Book
Call number prefix 515.9 WUN
Source of classification or shelving scheme
Holdings
Withdrawn status Lost status Damaged status Not for loan Collection code Permanent Location Current Location Shelving location Date acquired Source of acquisition Cost, normal purchase price Total Checkouts Full call number Barcode Date last seen Date last checked out Price effective from Koha item type
          Central Library (CL) Central Library (CL) General Stacks 03/08/2006 Academic Book Company 2497.31 3 515.9 WUN SEECS007069 05/31/2024 09/10/2022 01/05/2017 Book
© 2023 Central Library, National University of Sciences and Technology. All Rights Reserved.